000 01256cam a2200301 a 4500
999 _c17888
_d17888
008 120111s2013 ohua b 001 0 eng
020 _a9781111969790 (pbk)
020 _a1111969795 (pbk.)
050 0 0 _aHF5549.12
_b.H55 2013
100 1 _aLeonard, Edwin C.
245 1 0 _aSupervision :
_bconcepts and practices of management /
_cEdwin C. Leonard, Jr.
250 _a12th ed.
260 _aMason, OH :
_bSouth-Western Cengage Learning,
_cc2013.
300 _axxix, 556 p. :
_bcol. ill. ;
_c26 cm.
504 _aIncludes bibliographical references and index.
504 _aIncludes bibliographical references and index.
650 0 _aSupervision of employees.
650 0 _aPersonnel management.
942 _2lcc
_cBOOKS
_hHF5549.12 .H55 2013